Music Quiz

Random Music or Song Quiz

Born to Run Songs Quiz Stats

 Plays Quiz not verified by Sporcle

Challenge
Share
Tweet
Embed
Score 0/8 Timer 02:00
0 Plays Today
Number Track % Correct
# 5Born to Run
97.9%
# 8Jungleland
91.3%
# 1Thunder Road
89.7%
# 2Tenth Avenue Freeze Out
81.8%
# 4Backstreets
81%
# 3Night
76%
# 6She's the One
75.6%
# 7Meeting Across the River
75.6%

You're not logged in!

Compare scores with friends on all Sporcle quizzes.
Join for Free
OR
Log In

You Might Also Like...

Show Comments

Extras

Top Quizzes Today


Score Distribution

Your Account Isn't Verified!

In order to create a playlist on Sporcle, you need to verify the email address you used during registration. Go to your Sporcle Settings to finish the process.

Report this User

Report this user for behavior that violates our Community Guidelines.

Details: